[Event "Portoroz op 10th"]
[Site "Portoroz"]
[Date "2016.07.28"]
[Round "7"]
[White "Pritrznik, Maj"]
[Black "Nepi, Ezio"]
[Result "0-1"]
[WhiteElo "1250"]
[BlackElo "1925"]
[PlyCount "126"]
[EventDate "2016.07.23"]
[EventType "swiss"]
[EventRounds "9"]
[EventCountry "SLO"]
[SourceTitle "CBM 173 Extra"]
[Source "ChessBase"]
[SourceDate "2016.08.29"]
[SourceVersion "1"]
[SourceVersionDate "2016.08.29"]
[SourceQuality "1"]

1. e4 c5 2. Nf3 d6 3. d4 cxd4 4. Nxd4 Nf6 5. Nc3 Nc6 6. Bg5 Bd7 7. Qd2 Rc8 8. f3 Nxd4 9. Qxd4 Qa5 10. f4 a6 11. e5 dxe5 12. fxe5 e6 13. 0-0-0 Rxc3 14. bxc3 Ba3+ 15. Kd2 Nd5 16. Ke1 0-0 17. Bd2 Bc5 18. Qd3 Qc7 19. Qg3 Rd8 20. Bd3 Ne7 21. Bg5 Bc6 22. Bf6 g6 23. Qh4 Nf5 24. Bxf5 Rxd1+ 25. Kxd1 exf5 26. Qg3 Be4 27. Ke2 Bxc2 28. Rc1 Be4 29. Rd1 Bf8 30. Rd8 Qc4+ 31. Ke1 Qxa2 32. Be7 Qb1+ 33. Ke2 Qb5+ 34. Ke3 Qb6+ 35. Kf4 Qc7 36. Rxf8+ Kg7 37. Qg5 Qxc3 38. Qf6+ Kh6 39. Qh4+ Kg7 40. Qg3 Qd2+ 41. Qe3 g5+ 42. Bxg5 Qxe3+ 43. Kxe3 Kxf8 44. g3 Ke8 45. Kd4 Kd7 46. Bd2 Kc6 47. Kc4 b6 48. h4 a5 49. Be1 b5+ 50. Kb3 b4 51. Kb2 Kb5 52. Bd2 a4 53. Ka1 a3 54. Ka2 Bd5+ 55. Kb1 b3 56. Kc1 b2+ 57. Kb1 Be4+ 58. Ka2 b1Q+ 59. Kxa3 Qa1+ 60. Kb3 Qd4 61. Bc3 Qc4+ 62. Kb2 Ka4 63. e6 Qb3+ 0-1

[Event "Portoroz op 10th"]
[Site "Portoroz"]
[Date "2016.07.26"]
[Round "5"]
[White "Malar, Pavol"]
[Black "Nepi, Ezio"]
[Result "1-0"]
[WhiteElo "2109"]
[BlackElo "1925"]
[PlyCount "65"]
[EventDate "2016.07.23"]
[EventType "swiss"]
[EventRounds "9"]
[EventCountry "SLO"]
[SourceTitle "CBM 173 Extra"]
[Source "ChessBase"]
[SourceDate "2016.08.29"]
[SourceVersion "1"]
[SourceVersionDate "2016.08.29"]
[SourceQuality "1"]

1. e4 c5 2. Nf3 d6 3. Bb5+ Bd7 4. Bxd7+ Qxd7 5. 0-0 Nf6 6. Re1 Nc6 7. d3 g6 8. Nbd2 Bg7 9. Nf1 0-0 10. Bg5 Qc7 11. Qd2 Ng4 12. h3 Nge5 13. N3h2 Nd4 14. Be3 Nec6 15. c3 Ne6 16. f4 Rfd8 17. Qf2 d5 18. f5 Nf8 19. Ng4 Ne5 20. Qg3 d4 21. Bf4 f6 22. c4 Rac8 23. h4 h6 24. Nxh6+ Bxh6 25. Bxh6 Kf7 26. Bf4 e6 27. Nh2 Qe7 28. Bxe5 fxe5 29. f6 Qe8 30. Ng4 Nd7 31. Nh6+ Kf8 32. Rf1 a6 33. h5 1-0

[Event "Portoroz op 10th"]
[Site "Portoroz"]
[Date "2016.07.23"]
[Round "1"]
[White "Hajdinjak, Marijan"]
[Black "Nepi, Ezio"]
[Result "0-1"]
[WhiteElo "1524"]
[BlackElo "1925"]
[PlyCount "53"]
[EventDate "2016.07.23"]
[EventType "swiss"]
[EventRounds "9"]
[EventCountry "SLO"]
[SourceTitle "CBM 173 Extra"]
[Source "ChessBase"]
[SourceDate "2016.08.29"]
[SourceVersion "1"]
[SourceVersionDate "2016.08.29"]
[SourceQuality "1"]

1. d4 d5 2. Nf3 Nf6 3. Bg5 Ne4 4. Bf4 c5 5. c3 cxd4 6. Nxd4 Nc6 7. Nxc6 bxc6 8. Qa4 Bd7 9. e3 g6 10. Bd3 Nc5 11. Qd4 Nxd3+ 12. Qxd3 Bg7 13. 0-0 0-0 14. Nd2 Qb6 15. Rab1 Bf5 16. e4 dxe4 17. Nxe4 Rfd8 18. Qf3 h5 19. Rbd1 Rxd1 20. Rxd1 Bg4 21. Qd3 Bxd1 22. Qxd1 Qxb2 23. h3 Qxa2 24. Qf3 Qd5 25. Qg3 Qxe4 26. Qf3 Qxf3 27. gxf3 0-1

[Event "Robecchetto op-A 26th"]
[Site "Robecchetto"]
[Date "2015.07.26"]
[Round "5"]
[White "Medici, Simone"]
[Black "Nepi, Ezio"]
[Result "1/2-1/2"]
[WhiteElo "2101"]
[BlackElo "1921"]
[PlyCount "142"]
[EventDate "2015.07.24"]
[EventType "swiss"]
[EventRounds "5"]
[EventCountry "ITA"]
[SourceTitle "EXT 2016"]
[Source "ChessBase"]
[SourceDate "2015.10.08"]
[SourceVersion "1"]
[SourceVersionDate "2015.10.08"]
[SourceQuality "1"]

1. d4 d5 2. c4 c6 3. Nc3 Nf6 4. Nf3 e6 5. e3 Nbd7 6. b3 Bb4 7. Bd2 Qe7 8. Qc2 0-0 9. Bd3 Re8 10. 0-0 h6 11. Rfe1 a5 12. Rad1 b6 13. e4 dxe4 14. Nxe4 Bb7 15. Ne5 Nxe4 16. Bxe4 Nxe5 17. dxe5 Red8 18. a4 Rxd2 19. Rxd2 Bxd2 20. Qxd2 Rd8 21. Qe3 c5 22. Bxb7 Qxb7 23. Kf1 Rd4 24. f3 Qd7 25. Ke2 Qd8 26. g3 Kh7 27. h4 g6 28. Rh1 Kg7 29. g4 Kh7 30. Rh3 Rd1 31. f4 Rd4 32. h5 Qa8 33. Kf2 Qe4 34. Qxe4 Rxe4 35. Kf3 Rd4 36. Ke3 g5 37. Rf3 Kg7 38. fxg5 hxg5 39. h6+ Kxh6 40. Rxf7 Rxg4 41. Rf6+ Kg7 42. Rxe6 Rg3+ 43. Ke4 Rxb3 44. Kf5 Kf7 45. Rd6 Ke7 46. Kxg5 Rb4 47. Kf5 Rxc4 48. Rxb6 Rb4 49. Rb5 Rxa4 50. Rxc5 Rb4 51. Rxa5 Rb6 52. Ra7+ Ke8 53. Rh7 Ra6 54. Rh8+ Ke7 55. Rb8 Rc6 56. Rb5 Ke8 57. Ra5 Rb6 58. Ke4 Ke7 59. Kd5 Ke8 60. Ra7 Rh6 61. Ra3 Ke7 62. Ra8 Rg6 63. Ke4 Rb6 64. Rh8 Ra6 65. Rg8 Rb6 66. Kf5 Ra6 67. Rg7+ Ke8 68. Rg1 Rb6 69. Rf1 Ke7 70. Kg5 Rb5 71. Rf5 Rb1 1/2-1/2

[Event "Milan Cappello Memorial"]
[Site "Milan"]
[Date "2015.06.04"]
[Round "6"]
[White "Cani, Gazmir"]
[Black "Nepi, Ezio"]
[Result "1-0"]
[WhiteElo "2128"]
[BlackElo "1963"]
[PlyCount "29"]
[EventDate "2015.05.12"]
[EventType "swiss"]
[EventRounds "8"]
[EventCountry "ITA"]
[SourceTitle "EXT 2017"]
[Source "ChessBase"]
[SourceDate "2016.10.25"]
[SourceVersion "1"]
[SourceVersionDate "2016.10.25"]
[SourceQuality "1"]

1. d4 d5 2. Nf3 Nf6 3. c4 c6 4. Nc3 e6 5. Bg5 h6 6. Bh4 dxc4 7. e4 g5 8. Bg3 b5 9. Be2 Bb7 10. 0-0 Nbd7 11. Ne5 a6 12. Bh5 Nxh5 13. Qxh5 Nxe5 14. Bxe5 Qe7 15. Bxh8 1-0

[Event "Milan Cappello Memorial"]
[Site "Milan"]
[Date "2015.05.12"]
[Round "1"]
[White "Brisotto, Stefano"]
[Black "Nepi, Ezio"]
[Result "0-1"]
[WhiteElo "1463"]
[BlackElo "1963"]
[PlyCount "80"]
[EventDate "2015.05.12"]
[EventType "swiss"]
[EventRounds "8"]
[EventCountry "ITA"]
[SourceTitle "EXT 2017"]
[Source "ChessBase"]
[SourceDate "2016.10.25"]
[SourceVersion "1"]
[SourceVersionDate "2016.10.25"]
[SourceQuality "1"]

1. e4 c5 2. c3 e6 3. d4 d5 4. exd5 exd5 5. Nf3 Nc6 6. Bb5 Bd6 7. Be3 c4 8. b3 cxb3 9. axb3 Nge7 10. Qd2 0-0 11. 0-0 Bf5 12. Bd3 Bxd3 13. Qxd3 Rc8 14. Na3 a6 15. Nc2 Qb6 16. Rab1 Rfe8 17. c4 Nb4 18. Nxb4 Bxb4 19. c5 Qg6 20. Qxg6 hxg6 21. Bd2 Bxd2 22. Nxd2 Nc6 23. Nf3 Re4 24. Rfd1 Rce8 25. Kf1 Kf8 26. Rd2 f6 27. Re1 Rxe1+ 28. Nxe1 Re4 29. Nc2 g5 30. f3 Rf4 31. Kf2 Rh4 32. h3 f5 33. Rd3 Ke7 34. b4 Kd7 35. b5 axb5 36. Ke3 f4+ 37. Ke2 Rh8 38. Rb3 b4 39. Kd3 Re8 40. Nxb4 Re3+ 0-1

[Event "Milan Carnevale op-A 6th"]
[Site "Milan"]
[Date "2015.02.20"]
[Round "3"]
[White "Nepi, Ezio"]
[Black "Bisignano, Giuseppe"]
[Result "1-0"]
[WhiteElo "1951"]
[BlackElo "1864"]
[PlyCount "85"]
[EventDate "2015.02.18"]
[EventType "swiss"]
[EventRounds "6"]
[EventCountry "ITA"]
[SourceTitle "EXT 2017"]
[Source "ChessBase"]
[SourceDate "2016.10.25"]
[SourceVersion "1"]
[SourceVersionDate "2016.10.25"]
[SourceQuality "1"]

1. d4 c5 2. d5 d6 3. Nc3 Nf6 4. e4 g6 5. Bb5+ Bd7 6. a4 a6 7. Be2 Bg7 8. Nf3 0-0 9. h3 Qc8 10. 0-0 b6 11. Bf4 Ne8 12. e5 dxe5 13. Bxe5 Nd6 14. Bxg7 Kxg7 15. Re1 Ra7 16. Ne5 Rb7 17. Bf3 b5 18. a5 Qc7 19. Qd2 b4 20. Ne4 Bb5 21. Ng4 Nxe4 22. Qh6+ Kg8 23. Bxe4 Qd6 24. Bf3 Nd7 25. Qg5 Re8 26. Nh6+ Kf8 27. Bg4 Bc4 28. Bxd7 Rxd7 29. Rad1 f6 30. Qe3 Qc7 31. Qe6 Kg7 32. Qf7+ Kxh6 33. Qxe8 Bxd5 34. Qf8+ Kg5 35. h4+ Kh5 36. Qg7 Kxh4 37. Qh6+ Kg4 38. Rxd5 Rxd5 39. Qh3+ Kg5 40. g3 h5 41. Qe6 Re5 42. f4+ Kh6 43. fxe5 1-0

[Event "Milan Crespi op-C 35th"]
[Site "Milan"]
[Date "2014.12.06"]
[Round "4"]
[White "Botta, Massimiliano"]
[Black "Nepi, Ezio"]
[Result "1-0"]
[WhiteElo "1786"]
[BlackElo "1962"]
[PlyCount "99"]
[EventDate "2014.12.04"]
[EventType "swiss"]
[EventRounds "7"]
[EventCountry "ITA"]
[SourceTitle "EXT 2017"]
[Source "ChessBase"]
[SourceDate "2016.10.25"]
[SourceVersion "1"]
[SourceVersionDate "2016.10.25"]
[SourceQuality "1"]

1. e4 c5 2. Nf3 d6 3. d4 cxd4 4. Nxd4 Nf6 5. Nc3 Nc6 6. Bg5 Bd7 7. Bc4 Rc8 8. Bb3 Qa5 9. Bxf6 gxf6 10. 0-0 Qg5 11. f4 Qc5 12. Nce2 e5 13. fxe5 dxe5 14. Rxf6 Nxd4 15. Nxd4 Qxd4+ 16. Kh1 Qxd1+ 17. Rxd1 Bc6 18. Bxf7+ Ke7 19. Rdf1 Bg7 20. Re6+ Kd8 21. Bh5 Rc7 22. Bg4 Bd7 23. Rd6 Bf8 24. Rd5 h5 25. Bh3 Kc8 26. Rxd7 Rxd7 27. Rf7 Bc5 28. Rxd7 Kb8 29. Rd5 Rf8 30. g3 b6 31. Rxe5 Rf2 32. Rxh5 Rxc2 33. Be6 Rxb2 34. g4 Re2 35. Bd5 Re1+ 36. Kg2 Rg1+ 37. Kf3 Kc7 38. Kf4 Bd6+ 39. Kf5 Kd7 40. Rh7+ Be7 41. h4 Rf1+ 42. Ke5 Ke8 43. g5 Kf8 44. Ke6 Bc5 45. h5 a5 46. g6 Bd4 47. e5 Rg1 48. Be4 Re1 49. g7+ Kg8 50. h6 1-0

[Event "Milan SSM op 09"]
[Site "Milan"]
[Date "2014.09.26"]
[Round "4"]
[White "Nepi, Ezio"]
[Black "Ciciotti, Augusto Walter"]
[Result "1-0"]
[WhiteElo "1950"]
[BlackElo "1910"]
[PlyCount "63"]
[EventDate "2014.09.16"]
[EventType "swiss"]
[EventRounds "8"]
[EventCountry "ITA"]
[SourceTitle "EXT 2016"]
[Source "ChessBase"]
[SourceDate "2015.10.08"]
[SourceVersion "1"]
[SourceVersionDate "2015.10.08"]
[SourceQuality "1"]

1. e4 c5 2. Nf3 d6 3. Bb5+ Bd7 4. Bxd7+ Qxd7 5. 0-0 Nc6 6. c3 g6 7. d4 cxd4 8. cxd4 Bg7 9. Nc3 e6 10. Bf4 Nge7 11. Nb5 Nc8 12. d5 Ne5 13. Nc3 Nxf3+ 14. Qxf3 e5 15. Be3 0-0 16. Qe2 a6 17. Rfc1 Ne7 18. a4 f5 19. f3 f4 20. Bf2 g5 21. a5 Rf6 22. Na4 Raf8 23. Nb6 Qd8 24. Rc2 Rh6 25. Rac1 Qe8 26. Rc7 Qh5 27. Rxe7 Qxh2+ 28. Kf1 Qh1+ 29. Bg1 g4 30. Rc8 gxf3 31. Qxf3 Bf6 32. Qg4+ 1-0

[Event "Salento op 3rd"]
[Site "Gallipoli"]
[Date "2014.05.24"]
[Round "9"]
[White "Hiller, Wieland"]
[Black "Nepi, Ezio"]
[Result "1-0"]
[WhiteElo "1951"]
[BlackElo "1966"]
[PlyCount "83"]
[EventDate "2014.05.17"]
[EventType "swiss"]
[EventRounds "9"]
[EventCountry "ITA"]
[SourceTitle "CBM 160 Extra"]
[Source "ChessBase"]
[SourceDate "2014.07.01"]
[SourceVersion "1"]
[SourceVersionDate "2014.07.01"]
[SourceQuality "1"]

1. Nf3 Nf6 2. g3 d5 3. c4 c6 4. b3 Bf5 5. Bg2 e6 6. 0-0 h6 7. d3 Be7 8. Bb2 0-0 9. Nbd2 Nbd7 10. Rc1 a5 11. a3 Bh7 12. Rc2 Qb8 13. Qa1 b5 14. cxb5 cxb5 15. Rfc1 Rd8 16. Nd4 Qd6 17. Nc6 Re8 18. Nf3 Bf8 19. Nce5 Rad8 20. Rc6 Qb8 21. R6c2 Rc8 22. Nc6 Qa8 23. Nfe5 Nxe5 24. Nxe5 Rxc2 25. Rxc2 Rc8 26. Qc1 Rxc2 27. Qxc2 Qa7 28. Qc8 Bf5 29. h3 a4 30. b4 Qe7 31. Nc6 Qe8 32. Qxe8 Nxe8 33. Na7 Nd6 34. Be5 Nc8 35. Nxb5 f6 36. Bb2 Nb6 37. Bd4 Nd7 38. Nc3 e5 39. Bxd5+ Kh8 40. Be3 e4 41. g4 Bg6 42. dxe4 1-0

[Event "Salento op 3rd"]
[Site "Gallipoli"]
[Date "2014.05.23"]
[Round "8"]
[White "Livesey, R Nigel"]
[Black "Nepi, Ezio"]
[Result "0-1"]
[WhiteElo "1898"]
[BlackElo "1966"]
[PlyCount "78"]
[EventDate "2014.05.17"]
[EventType "swiss"]
[EventRounds "9"]
[EventCountry "ITA"]
[SourceTitle "CBM 160 Extra"]
[Source "ChessBase"]
[SourceDate "2014.07.01"]
[SourceVersion "1"]
[SourceVersionDate "2014.07.01"]
[SourceQuality "1"]

1. c4 c6 2. Nf3 Nf6 3. g3 d5 4. Qc2 d4 5. e3 c5 6. exd4 cxd4 7. d3 e5 8. Bg2 Bd6 9. 0-0 0-0 10. b4 Nc6 11. a3 Re8 12. Nbd2 Bf5 13. Ng5 Rc8 14. Nge4 b5 15. c5 Bf8 16. Nxf6+ Qxf6 17. Ne4 Qd8 18. f4 g6 19. fxe5 Nxe5 20. Bg5 Be7 21. Bxe7 Qxe7 22. Rxf5 gxf5 23. Re1 fxe4 24. Rxe4 Qd8 25. Rf4 Ng6 26. Rg4 h5 27. Re4 Rxe4 28. Bxe4 Qg5 29. Kh1 h4 30. gxh4 Nxh4 31. Qf2 Qc1+ 32. Qg1+ Qxg1+ 33. Kxg1 f5 34. Bb7 Rc7 35. c6 Nf3+ 36. Kg2 Ne5 37. Ba6 Rxc6 38. Bxb5 Rc3 39. Kf1 Rxa3 0-1

[Event "Salento op 3rd"]
[Site "Gallipoli"]
[Date "2014.05.22"]
[Round "7"]
[White "Nepi, Ezio"]
[Black "Walton, Alan J"]
[Result "0-1"]
[WhiteElo "1966"]
[BlackElo "2118"]
[PlyCount "44"]
[EventDate "2014.05.17"]
[EventType "swiss"]
[EventRounds "9"]
[EventCountry "ITA"]
[SourceTitle "CBM 160 Extra"]
[Source "ChessBase"]
[SourceDate "2014.07.01"]
[SourceVersion "1"]
[SourceVersionDate "2014.07.01"]
[SourceQuality "1"]

1. d4 d5 2. c4 c6 3. Nf3 e6 4. Qc2 Nf6 5. g3 Bd6 6. Bg2 0-0 7. 0-0 Nbd7 8. Nbd2 Re8 9. b3 e5 10. dxe5 Nxe5 11. Nxe5 Bxe5 12. Bb2 Bxb2 13. Qxb2 Rxe2 14. cxd5 Nxd5 15. Be4 Nf6 16. Rfd1 Qb6 17. Rf1 Nxe4 18. Qe5 Nxg3 19. Qf4 Nxf1 20. Nc4 Qd8 21. Kxf1 Qd3 22. Ne5 Rxe5+ 0-1

[Event "Salento op 3rd"]
[Site "Gallipoli"]
[Date "2014.05.20"]
[Round "5"]
[White "Bongartz, Philipp"]
[Black "Nepi, Ezio"]
[Result "1-0"]
[WhiteElo "2173"]
[BlackElo "1966"]
[PlyCount "65"]
[EventDate "2014.05.17"]
[EventType "swiss"]
[EventRounds "9"]
[EventCountry "ITA"]
[SourceTitle "CBM 160 Extra"]
[Source "ChessBase"]
[SourceDate "2014.07.01"]
[SourceVersion "1"]
[SourceVersionDate "2014.07.01"]
[SourceQuality "1"]

1. e4 c5 2. Nf3 d6 3. d4 cxd4 4. Nxd4 Nf6 5. Nc3 Nc6 6. Bg5 Bd7 7. Qd2 Rc8 8. 0-0-0 Nxd4 9. Qxd4 Qa5 10. Be3 a6 11. f4 e5 12. Qd3 Rxc3 13. Qxc3 Qxc3 14. bxc3 Nxe4 15. Kb2 exf4 16. Bxf4 Be7 17. Be3 0-0 18. Bd3 Bc6 19. Rhe1 d5 20. Bd4 b5 21. a4 Rb8 22. axb5 Bxb5 23. Ka2 Bc5 24. Bxe4 Bxd4 25. cxd4 dxe4 26. Rxe4 Bc4+ 27. Ka3 Bd5 28. Re2 g6 29. Rdd2 Rb1 30. Re5 Bc4 31. d5 f6 32. Re4 Bb5 33. c4 1-0

[Event "Salento op 3rd"]
[Site "Gallipoli"]
[Date "2014.05.19"]
[Round "4"]
[White "Ledger, Stephen C"]
[Black "Nepi, Ezio"]
[Result "1-0"]
[WhiteElo "2077"]
[BlackElo "1966"]
[PlyCount "69"]
[EventDate "2014.05.17"]
[EventType "swiss"]
[EventRounds "9"]
[EventCountry "ITA"]
[SourceTitle "CBM 160 Extra"]
[Source "ChessBase"]
[SourceDate "2014.07.01"]
[SourceVersion "1"]
[SourceVersionDate "2014.07.01"]
[SourceQuality "1"]

1. d4 d5 2. Nf3 Nf6 3. Bg5 Ne4 4. Bh4 c5 5. dxc5 Qa5+ 6. c3 Qxc5 7. Nbd2 Nc6 8. e3 Bg4 9. Be2 Nxd2 10. Qxd2 e6 11. 0-0 Be7 12. Bg3 0-0 13. Rac1 b5 14. Rfd1 Qb6 15. h3 Bh5 16. Ne5 Bxe2 17. Qxe2 Rfd8 18. e4 dxe4 19. Qxe4 Nxe5 20. Bxe5 Rac8 21. Qg4 g6 22. Qf4 Rc4 23. Qh6 f6 24. Bd4 Qc7 25. Qe3 Qc6 26. b3 Rcxd4 27. cxd4 Qd7 28. Re1 Kf7 29. Rcd1 Bb4 30. Re2 e5 31. d5 Rc8 32. Qe4 Bc3 33. d6 Bd4 34. Qd5+ Kf8 35. Rxd4 1-0

[Event "Salento op 3rd"]
[Site "Gallipoli"]
[Date "2014.05.17"]
[Round "1"]
[White "Nepi, Ezio"]
[Black "Lyell, Mark"]
[Result "0-1"]
[WhiteElo "1966"]
[BlackElo "2228"]
[PlyCount "100"]
[EventDate "2014.05.17"]
[EventType "swiss"]
[EventRounds "9"]
[EventCountry "ITA"]
[SourceTitle "CBM 160 Extra"]
[Source "ChessBase"]
[SourceDate "2014.07.01"]
[SourceVersion "1"]
[SourceVersionDate "2014.07.01"]
[SourceQuality "1"]

1. d4 d5 2. c4 Nc6 3. Nf3 e5 4. dxe5 d4 5. Nbd2 Bg4 6. Qb3 Rb8 7. h3 Bxf3 8. Nxf3 Bb4+ 9. Bd2 Bxd2+ 10. Nxd2 Nxe5 11. 0-0-0 Nf6 12. Qa3 Qe7 13. Qxe7+ Kxe7 14. Nb3 c5 15. e3 dxe3 16. Re1 Rhe8 17. Rxe3 Kd6 18. Be2 b6 19. Re1 Kc7 20. Nd2 Nc6 21. Bf3 Nb4 22. Kd1 Rxe3 23. Rxe3 Rd8 24. Ke2 Rd7 25. a3 Nc2 26. Rd3 Nd4+ 27. Ke1 Re7+ 28. Kd1 Nd7 29. Bd5 Nf6 30. Bf3 Nd7 31. Bd5 Ne5 32. Re3 f5 33. Nf3 Kd6 34. Nxe5 Rxe5 35. Kd2 f4 36. Rxe5 Kxe5 37. Kd3 h5 38. h4 Nf5 39. Bf7 Nxh4 40. g3 fxg3 41. fxg3 Nf5 42. Bxh5 Nxg3 43. Bf3 g5 44. b4 Nf5 45. Bd5 g4 46. Be4 g3 47. Bd5 Kf4 48. bxc5 bxc5 49. a4 Ne3 50. Bc6 g2 0-1

[Event "Milan Carnevale op-A 5th"]
[Site "Milan"]
[Date "2014.03.07"]
[Round "3"]
[White "Nepi, Ezio"]
[Black "Darvishi, Mahmood"]
[Result "0-1"]
[WhiteElo "1935"]
[BlackElo "2057"]
[PlyCount "140"]
[EventDate "2014.03.05"]
[EventType "swiss"]
[EventRounds "6"]
[EventCountry "ITA"]
[SourceTitle "EXT 2015"]
[Source "ChessBase"]
[SourceDate "2014.11.20"]
[SourceVersion "1"]
[SourceVersionDate "2014.11.20"]
[SourceQuality "1"]

1. d4 d5 2. c4 e6 3. Nf3 c5 4. cxd5 exd5 5. g3 Nc6 6. Bg2 Nf6 7. 0-0 Be7 8. dxc5 Bxc5 9. Nc3 h6 10. Na4 Bd6 11. Be3 b6 12. Nc3 Be7 13. Nd4 Ne5 14. Bf4 Ng6 15. Nc6 Qd7 16. Nxd5 Nxd5 17. Bxd5 Nxf4 18. gxf4 Bd6 19. e3 Bb7 20. Bxf7+ Kf8 21. Ne5 Qd8 22. Qh5 Bxe5 23. fxe5 Qe7 24. e6 Qf6 25. Rac1 g6 26. Qg4 Qe5 27. Qb4+ Kg7 28. Qd4 Kf6 29. Rc7 Bd5 30. Qxe5+ Kxe5 31. Rd1 Bxa2 32. f4+ Kf6 33. Kf2 Rhc8 34. Rcd7 Rc6 35. Rg1 g5 36. f5 Kxf5 37. Kf3 Bxe6 38. Bxe6+ Rxe6 39. Rgd1 Rae8 40. R1d5+ Kg6 41. R5d6 a5 42. e4 Rf8+ 43. Ke3 Rxd6 44. Rxd6+ Rf6 45. Rd8 Rc6 46. Kd4 b5 47. e5 Rc2 48. Rd6+ Kg7 49. Ra6 a4 50. Ra7+ Kg6 51. Ra6+ Kf7 52. Rxh6 Rxb2 53. Kd5 a3 54. e6+ Kg7 55. e7 Rd2+ 56. Kc5 Re2 57. Ra6 Kf7 58. Rxa3 Kxe7 59. h3 Rb2 60. Rd3 Kf6 61. Kd5 Rf2 62. Kc5 Rf5+ 63. Kd4 Rf4+ 64. Ke3 b4 65. Rd5 Rh4 66. Rb5 Rxh3+ 67. Kf2 b3 68. Kg2 Rc3 69. Kf2 Rc2+ 70. Ke1 b2 0-1

[Event "Milan SSM op"]
[Site "Milan"]
[Date "2014.02.06"]
[Round "8"]
[White "Nepi, Ezio"]
[Black "Montoli, Marco"]
[Result "1-0"]
[WhiteElo "1918"]
[BlackElo "1981"]
[PlyCount "101"]
[EventDate "2014.01.14"]
[EventType "swiss"]
[EventRounds "8"]
[EventCountry "ITA"]
[SourceTitle "EXT 2015"]
[Source "ChessBase"]
[SourceDate "2014.11.20"]
[SourceVersion "1"]
[SourceVersionDate "2014.11.20"]
[SourceQuality "1"]

1. d4 Nf6 2. c4 g6 3. Nc3 d5 4. e3 Bg7 5. cxd5 Nxd5 6. Nxd5 Qxd5 7. Ne2 0-0 8. Nc3 Qd8 9. Be2 c5 10. d5 Na6 11. 0-0 Nc7 12. e4 f5 13. f3 Qd6 14. Be3 b6 15. Qb3 Kh8 16. Rfd1 f4 17. Bf2 Qe5 18. g4 Bd7 19. Rd2 Rfd8 20. Rad1 Be8 21. a4 Qf6 22. Bc4 Bf7 23. Re1 e5 24. Red1 Rd6 25. a5 Be8 26. Ra1 Qd8 27. Bb5 Bxb5 28. Nxb5 Nxb5 29. Qxb5 Bf8 30. b3 a6 31. Qd3 Rd7 32. Qc3 Bd6 33. Rda2 Rda7 34. axb6 Qxb6 35. b4 Rc7 36. bxc5 Bxc5 37. Qxe5+ Kg8 38. Kg2 Bxf2 39. Rxf2 Rf7 40. Rb2 Qe3 41. Raa2 a5 42. d6 Qd3 43. Rd2 Qe3 44. Qd5 Rd8 45. Rxa5 Qb6 46. e5 Kg7 47. e6 Rf6 48. Rb5 Qa6 49. Qb7+ Qxb7 50. Rxb7+ Kh6 51. e7 1-0

[Event "Milan SSM op"]
[Site "Milan"]
[Date "2014.02.04"]
[Round "7"]
[White "Papale, Carmelo"]
[Black "Nepi, Ezio"]
[Result "0-1"]
[WhiteElo "1821"]
[BlackElo "1918"]
[PlyCount "62"]
[EventDate "2014.01.14"]
[EventType "swiss"]
[EventRounds "8"]
[EventCountry "ITA"]
[SourceTitle "EXT 2015"]
[Source "ChessBase"]
[SourceDate "2014.11.20"]
[SourceVersion "1"]
[SourceVersionDate "2014.11.20"]
[SourceQuality "1"]

1. e4 c5 2. Nf3 d6 3. d4 cxd4 4. Nxd4 Nf6 5. Nc3 Nc6 6. Bg5 Bd7 7. Qd2 Rc8 8. 0-0-0 Nxd4 9. Qxd4 Qa5 10. f4 Rxc3 11. bxc3 e5 12. Qc4 d5 13. exd5 Ba3+ 14. Kd2 Nxd5 15. Bd3 Nxc3 16. Rde1 Nd5+ 17. c3 0-0 18. Rxe5 Be6 19. Rhe1 Bb2 20. Rxd5 Bxd5 21. Re5 Bc1+ 22. Kd1 Bxc4 23. Bxh7+ Kxh7 24. Rxa5 Be3 25. Re5 Bf2 26. Re4 b5 27. f5 f6 28. Bh4 Rd8+ 29. Kc1 Bd3 30. Rg4 Bxf5 31. Bxf6 Be3+ 0-1

[Event "Milan SSM op"]
[Site "Milan"]
[Date "2014.01.28"]
[Round "5"]
[White "Darvishi, Mahmood"]
[Black "Nepi, Ezio"]
[Result "1-0"]
[WhiteElo "2056"]
[BlackElo "1918"]
[PlyCount "185"]
[EventDate "2014.01.14"]
[EventType "swiss"]
[EventRounds "8"]
[EventCountry "ITA"]
[SourceTitle "EXT 2015"]
[Source "ChessBase"]
[SourceDate "2014.11.20"]
[SourceVersion "1"]
[SourceVersionDate "2014.11.20"]
[SourceQuality "1"]

1. e4 c5 2. Nf3 d6 3. d4 cxd4 4. Nxd4 Nf6 5. Nc3 Nc6 6. Bg5 Bd7 7. Qd2 Rc8 8. Be2 Nxd4 9. Qxd4 Qa5 10. Be3 a6 11. 0-0 g6 12. f4 Bg7 13. Qd2 0-0 14. Kh1 Rfe8 15. Bf3 Ng4 16. Bd4 Bxd4 17. Qxd4 Qc5 18. Qxc5 Rxc5 19. Bxg4 Bxg4 20. h3 Be6 21. Rad1 Rec8 22. Rd2 b5 23. a3 a5 24. Rd4 Rc4 25. Rxc4 Rxc4 26. Rf2 b4 27. axb4 axb4 28. Na4 Rxe4 29. b3 Bd7 30. Nb6 Bc6 31. Kh2 Kf8 32. Nc4 Bb5 33. Nd2 Re2 34. Kg3 Re3+ 35. Rf3 Re1 36. Rf2 Ke8 37. Nf3 Re3 38. Rd2 Re2 39. Rxe2 Bxe2 40. Ne1 Kd7 41. Kf2 Ba6 42. Nf3 f6 43. h4 e5 44. g3 Ke6 45. Ke3 Bb7 46. Ne1 Kd5 47. Nd3 e4 48. Nxb4+ Kc5 49. Na2 d5 50. c3 h5 51. Nc1 Ba6 52. Na2 Bd3 53. Nb4 d4+ 54. Kd2 Bf1 55. Nc2 dxc3+ 56. Kxc3 Bb5 57. Ne3 Bd7 58. b4+ Kb5 59. Nc2 Bc8 60. Nd4+ Kb6 61. Kc4 Bd7 62. Kd5 e3 63. Kc4 e2 64. Nc2 Be6+ 65. Kc3 Bf5 66. Ne1 Kb5 67. Kd2 Bg4 68. Nd3 Kc4 69. Ke3 Kb5 70. Kd4 Bf5 71. Ne1 Kxb4 72. Ke3 Bg4 73. Kd4 Kb3 74. Kd3 Kb2 75. Kd2 Kb1 76. Ng2 Kb2 77. Ne3 Bf3 78. Nc4+ Kb3 79. Nd6 Kb4 80. Ne8 Kc5 81. Nxf6 Kd6 82. Nh7 Kd5 83. Nf8 Bg4 84. Nxg6 Ke4 85. Ne5 e1Q+ 86. Kxe1 Be6 87. Kf2 Bf5 88. Nf3 Bg4 89. Ng5+ Kd3 90. Nh7 Kd4 91. Nf6 Bd1 92. g4 hxg4 93. Kg3 1-0

[Event "Milan SSM op"]
[Site "Milan"]
[Date "2014.01.24"]
[Round "4"]
[White "Nepi, Ezio"]
[Black "Vezzosi, Paolo"]
[Result "0-1"]
[WhiteElo "1918"]
[BlackElo "2252"]
[PlyCount "56"]
[EventDate "2014.01.14"]
[EventType "swiss"]
[EventRounds "8"]
[EventCountry "ITA"]
[SourceTitle "EXT 2015"]
[Source "ChessBase"]
[SourceDate "2014.11.20"]
[SourceVersion "1"]
[SourceVersionDate "2014.11.20"]
[SourceQuality "1"]

1. d4 Nf6 2. c4 e6 3. g3 c5 4. d5 exd5 5. cxd5 b5 6. a4 b4 7. Bg2 d6 8. Nf3 Be7 9. 0-0 Bb7 10. Nh4 g6 11. e4 0-0 12. Bf4 Re8 13. Re1 Nh5 14. Nf5 Nxf4 15. Nxe7+ Qxe7 16. gxf4 Nd7 17. Nd2 Qf6 18. Nc4 Ba6 19. e5 dxe5 20. fxe5 Nxe5 21. Nxe5 Rxe5 22. d6 Rd8 23. d7 Bc4 24. Qd2 Be6 25. Qd6 Rg5 26. Rad1 Qf3 27. Qg3 Rxg3 28. hxg3 Qf5 0-1